Missing Word: Liam Neeson Quiz Stats

Quiz Updated Mar 9, 2016

Challenge
Share
Tweet
Embed
Score 0/16 Timer 03:00
0 Plays Today
Movie Missing Word % Correct
Gangs of ___ YorkNew
95.7%
Clash of the ______Titans
94.9%
Star Wars Episode I: The Phantom ______Menace
86.2%
Les __________Misérables
86%
The Chronicles of Narnia: ______ CaspianPrince
83.1%
_________ ListSchindler's
82.8%
Love _______Actually
60.8%
______ BeginsBatman
59.6%
Movie Missing Word % Correct
Kingdom of ______Heaven
51.8%
Rob ____Roy
48.4%
______ Collins Michael
35.4%
The ____ Three DaysNext
33.8%
K-19: The _________Widowmaker
30.9%
Ethan _____Frome
26.3%
____ Minutes of HeavenFive
22%
A Prayer for the _____Dying
16.7%

Today's Daily Dose

You're not logged in!

Compare scores with friends on all Sporcle quizzes.
Sign Up with Email
OR
Log In

You Might Also Like...

Show Comments

Extras

Top Quizzes Today


Score Distribution

Your Account Isn't Verified!

In order to create a playlist on Sporcle, you need to verify the email address you used during registration. Go to your Sporcle Settings to finish the process.